000 00467nam a2200169 a 4500
001 0000-9059
003 ELIB.Books
008 110520 1956
035 _a(ELIB.Books)0000-9208
082 _a225.7
_bMor
100 _aMorris, Leon
245 _aTyndale (The Epistles of Paul to the Thessalonians)
260 _bGrand Rapids: Wm. B. Eerdmans Publishing Co.
_c1956
650 _aCommentaries
942 _2ddc
_cBK
998 _cbat
_e2011-05-20
999 _c9059
_d9059